000 01010nam a22003017a 4500
001 BR8304733
003 BR-BrBNA
005 20230928091736.0
007 ta
008 230509b bl.||||| |||| 00| 0 por d
040 _aBR-BrBNA
_bpor
_cBiblioteca Nacional de Agricultura
041 _a(Por)
072 _aF60
_b0430
090 _ 0430 BR8304733
100 1 _aBarros, A.C.Q.T. de
110 1 _aUniversidade Federal da Paraiba, Areia (Brasil). Centro de Ciencias Agrarias
245 1 _aVariacoes nos teores de carboidratos e resistencia do algodoeiro (Gossypium hirsutum L.)a seca
260 3 _aAreia, PB (Brasil):
_c1983.
300 _a101 p.
500 _a5 tables; Bibliography (113 ref.); Summary (Por). (*) Documento disponível na(o) Universidade Federal da Paraiba, Areia (Brazil)
650 _aALGODAO MOCO
650 _aALGODAO HERBACEO
650 _aSECA
650 _aDEFICIENCIA HIDRICA
650 _aVARIEDADE RESISTENTE
909 _a202309
_bLucia
_c55
_dLucia Elande
942 _cBK
999 _c35280
_d35280